| 000 -LEADER |
| fixed length control field |
00839cam a2200241 a 4500 |
| 020 ## - INTERNATIONAL STANDARD BOOK NUMBER |
| ISBN |
9780896297951 (pbk. : alk. paper) |
| 020 ## - INTERNATIONAL STANDARD BOOK NUMBER |
| ISBN |
0896297950 (pbk. : alk. paper) |
| 040 ## - CATALOGING SOURCE |
| Transcribing agency |
DNAL |
| 082 00 - DEWEY DECIMAL CLASSIFICATION NUMBER |
| Classification number |
338 IPR 2013 C150 Or. |
| 245 00 - TITLE STATEMENT |
| Title |
Genetically modified crops in Africa : |
| Remainder of title |
economic and policy lessons from countries south of the Sahara / |
| 260 ## - PUBLICATION, DISTRIBUTION, ETC. (IMPRINT) |
| Place of publication |
Washington, DC : |
| Name of publisher |
International Food Policy Research Institute, |
| Year of publication |
c2013. |
| 300 ## - PHYSICAL DESCRIPTION |
| Number of Pages |
xiv, 244 p. : |
| Other physical details |
illustrations ; |
| Dimensions |
23 cm. |
| 500 ## - GENERAL NOTE |
| General note |
"A peer-reviewed publication." |
| 650 #0 - SUBJECT ADDED ENTRY--TOPICAL TERM |
| Topical Term |
Transgenic plants |
| 650 #0 - SUBJECT ADDED ENTRY--TOPICAL TERM |
| Topical Term |
Transgenic plants |
| 650 #0 - SUBJECT ADDED ENTRY--TOPICAL TERM |
| Topical Term |
Crops |
| 650 #0 - SUBJECT ADDED ENTRY--TOPICAL TERM |
| Topical Term |
Crops |
| 700 1# - ADDED ENTRY--PERSONAL NAME |
| Personal name |
Falck-Zepeda, José Benjamin. |
| 700 1# - ADDED ENTRY--PERSONAL NAME |
| Personal name |
Gruère, Guillaume P. |
| 700 1# - ADDED ENTRY--PERSONAL NAME |
| Personal name |
Sithole-Niang, Idah. |
| 710 2# - ADDED ENTRY--CORPORATE NAME |
| Corporate name or jurisdiction name as entry element |
International Food Policy Research Institute. |
| 942 ## - ADDED ENTRY ELEMENTS (KOHA) |
| Koha item type |
ADB |
| 952 ## - LOCATION AND ITEM INFORMATION (KOHA) |
| Withdrawn status [LOCAL, KOHA] |
0 |